[Event "ARG-ch sf"]
[Site "Mar de Ajo"]
[Date "2025.05.18"]
[Round "9"]
[White "Paveto, Kevin"]
[Black "Acosta, Pablo Ismael"]
[Result "0-1"]
[WhiteElo "2416"]
[BlackElo "2440"]
[PlyCount "129"]
[EventDate "2025.05.13"]
[EventType "swiss"]
[EventRounds "9"]
[EventCountry "ARG"]
[SourceTitle "CB22_2025"]
[SourceDate "2025.05.28"]
[SourceVersion "1"]
[SourceVersionDate "2025.05.28"]
[SourceQuality "1"]

1. e4 e6 2. d4 d5 3. e5 c5 4. c3 Nc6 5. Nf3 Bd7 6. Be2 f6 7. 0-0 fxe5 8. Nxe5 Nxe5 9. dxe5 Qc7 10. Re1 0-0-0 11. Bf1 Ne7 12. a4 Nc6 13. Na3 a6 14. b4 cxb4 15. cxb4 Bxb4 16. Re2 Rhf8 17. Nb5 axb5 18. axb5 Bc5 19. Ba3 Nxe5 20. Rxe5 Rxf2 21. Bxc5 Qxc5 22. Kh1 Rdf8 23. Re1 Bxb5 24. Bxb5 Qxb5 25. Rb1 Qa6 26. Ra1 Ra2 27. Rb1 Rff2 28. Rg1 Kb8 29. Qd4 Qd6 30. Qxg7 Qc6 31. Qxh7 Ka7 32. Qg7 Rfc2 33. h3 Ka6 34. Qg8 b6 35. Rbe1 d4 36. Rxe6 Rxg2 37. Qxg2 Qxe6 38. Qa8+ Kb5 39. Rb1+ Kc5 40. Rc1+ Kb4 41. Qf8+ Ka4 42. Qa8+ Kb4 43. Qf8+ Kb3 44. Qf3+ Qe3 45. Qd5+ Kb2 46. Rf1 Qxh3+ 47. Kg1 Qg3+ 48. Kh1 Qh3+ 49. Kg1 Qg4+ 50. Kh1 Ra5 51. Rf2+ Kc3 52. Rf3+ Kd2 53. Rf2+ Ke3 54. Qb3+ Kxf2 55. Qb2+ Ke3 56. Qc1+ Ke4 57. Qc6+ Rd5 58. Qc2+ Ke5 59. Qc7+ Rd6 60. Qe7+ Kd5 61. Qb7+ Kc5 62. Qc7+ Rc6 63. Qe7+ Kb5 64. Qe5+ Ka6 65. Qf6 0-1

[Event "ARG-ch sf"]
[Site "Mar de Ajo"]
[Date "2025.05.17"]
[Round "8"]
[White "Miranda, Rafael"]
[Black "Paveto, Kevin"]
[Result "0-1"]
[WhiteElo "2264"]
[BlackElo "2416"]
[PlyCount "136"]
[EventDate "2025.05.13"]
[EventType "swiss"]
[EventRounds "9"]
[EventCountry "ARG"]
[SourceTitle "CB22_2025"]
[SourceDate "2025.05.28"]
[SourceVersion "1"]
[SourceVersionDate "2025.05.28"]
[SourceQuality "1"]

1. e4 e5 2. Nf3 Nc6 3. Bb5 g6 4. c3 Bg7 5. d4 exd4 6. cxd4 a6 7. Ba4 Nge7 8. d5 b5 9. Bc2 Na5 10. Bd2 Nc4 11. Bc3 f6 12. 0-0 d6 13. Nbd2 Nb6 14. Nb3 Na4 15. Bd4 0-0 16. Rb1 c5 17. dxc6 Nxc6 18. Be3 Nb4 19. Nbd4 Nxc2 20. Qxc2 Qd7 21. b3 Nc5 22. Nd2 Bb7 23. b4 Na4 24. Qb3+ d5 25. f4 Rac8 26. Rbc1 Kh8 27. e5 fxe5 28. fxe5 Rxf1+ 29. Rxf1 Rc3 30. e6 Qc8 31. N2f3 Kg8 32. Re1 Rxb3 33. axb3 Nc3 34. Rc1 a5 35. bxa5 b4 36. Re1 Qe8 37. Bf4 Bc8 38. Bd6 Ne4 39. Bxb4 Bxe6 40. Rc1 Bh6 41. Re1 Bc8 42. Ba3 Ba6 43. Bc1 Bf8 44. Bf4 Bb4 45. Rc1 g5 46. Be3 g4 47. Nh4 Nc3 48. Nhf5 Bd3 49. Nh6+ Kg7 50. Nxg4 Qe4 51. a6 Qxg4 52. a7 Be4 53. Nf5+ Qxf5 54. a8Q Ne2+ 55. Kh1 Nxc1 56. Qb7+ Qf7 57. Bd4+ Kg8 58. Qc8+ Bf8 59. Qxc1 Qg6 60. Qd2 Qg4 61. Kg1 Bg7 62. Bxg7 Qxg7 63. b4 Qa1+ 64. Kf2 Qf6+ 65. Kg1 Qb6+ 66. Kf1 Kf7 67. Ke2 Bxg2 68. Qf4+ Qf6 0-1

[Event "ARG-ch sf"]
[Site "Mar de Ajo"]
[Date "2025.05.13"]
[Round "1"]
[White "Paveto, Kevin"]
[Black "Vercillo, Fernando"]
[Result "1-0"]
[WhiteElo "2416"]
[BlackElo "1980"]
[PlyCount "59"]
[EventDate "2025.05.13"]
[EventType "swiss"]
[EventRounds "9"]
[EventCountry "ARG"]
[SourceTitle "CB22_2025"]
[SourceDate "2025.05.28"]
[SourceVersion "1"]
[SourceVersionDate "2025.05.28"]
[SourceQuality "1"]

1. e4 c6 2. d4 d5 3. e5 Bf5 4. h4 h5 5. Bd3 Bxd3 6. Qxd3 e6 7. Nf3 Qa5+ 8. Nbd2 Qa6 9. c4 Nh6 10. 0-0 Be7 11. b3 Nf5 12. a4 Nd7 13. Ba3 Bxa3 14. Rxa3 Qa5 15. b4 dxc4 16. Nxc4 Qd5 17. Ne3 Nxe3 18. fxe3 f5 19. exf6 gxf6 20. e4 Qd6 21. e5 Qe7 22. exf6 Qh7 23. Qxh7 Rxh7 24. Ng5 Rh6 25. Nxe6 Kf7 26. Ng5+ Kg6 27. Ne4 Rf8 28. Rg3+ Kf7 29. Ng5+ Ke8 30. Re3+ 1-0

[Event "Santa Fe Perez op"]
[Site "Santa Fe"]
[Date "2025.03.03"]
[Round "6"]
[White "Paveto, Kevin"]
[Black "Flores, Diego"]
[Result "0-1"]
[WhiteElo "2406"]
[BlackElo "2551"]
[PlyCount "52"]
[EventDate "2025.02.28"]
[EventType "swiss"]
[EventRounds "9"]
[EventCountry "ARG"]
[SourceTitle "CB10_2025"]
[SourceDate "2025.03.05"]
[SourceVersion "1"]
[SourceVersionDate "2025.03.05"]
[SourceQuality "1"]

1. e4 e5 2. Nf3 Nf6 3. Bc4 Bc5 4. c3 Nc6 5. d4 exd4 6. cxd4 Bb4+ 7. Nbd2 Bxd2+ 8. Bxd2 Nxe4 9. d5 Ne7 10. 0-0 0-0 11. Re1 Nxd2 12. Qxd2 d6 13. Rac1 Ng6 14. Bb3 Bd7 15. Qb4 Rb8 16. Qc3 Rc8 17. Qb4 c5 18. dxc6 Bxc6 19. Nd4 Qf6 20. Rc3 a5 21. Qb6 a4 22. Nxc6 axb3 23. Qxb7 bxa2 24. Ra1 Rce8 25. h3 Re2 26. Qb6 Nf4 0-1

[Event "Santa Fe Perez op"]
[Site "Santa Fe"]
[Date "2025.03.02"]
[Round "5"]
[White "Mareco, Sandro"]
[Black "Paveto, Kevin"]
[Result "1/2-1/2"]
[WhiteElo "2591"]
[BlackElo "2406"]
[PlyCount "47"]
[EventDate "2025.02.28"]
[EventType "swiss"]
[EventRounds "9"]
[EventCountry "ARG"]
[SourceTitle "CB10_2025"]
[SourceDate "2025.03.05"]
[SourceVersion "1"]
[SourceVersionDate "2025.03.05"]
[SourceQuality "1"]

1. e4 e5 2. Nf3 Nc6 3. Bc4 Bc5 4. 0-0 Nf6 5. d3 d6 6. c3 a6 7. a4 Ba7 8. b4 h6 9. Re1 0-0 10. h3 Ne7 11. Nbd2 Ng6 12. Bb3 d5 13. d4 exd4 14. Nxd4 Bxd4 15. cxd4 dxe4 16. Nxe4 Nxe4 17. Rxe4 Qf6 18. Ra2 Bf5 19. Re3 Rad8 20. d5 Rfe8 21. Qe1 Rxe3 22. Qxe3 Qe7 23. Qxe7 Nxe7 24. Bf4 1/2-1/2

[Event "Santa Fe Perez op"]
[Site "Santa Fe"]
[Date "2025.03.02"]
[Round "4"]
[White "Paveto, Kevin"]
[Black "Sanhueza, Cristian"]
[Result "1-0"]
[WhiteElo "2406"]
[BlackElo "2185"]
[PlyCount "53"]
[EventDate "2025.02.28"]
[EventType "swiss"]
[EventRounds "9"]
[EventCountry "ARG"]
[SourceTitle "CB10_2025"]
[SourceDate "2025.03.05"]
[SourceVersion "1"]
[SourceVersionDate "2025.03.05"]
[SourceQuality "1"]

1. e4 e5 2. Nf3 Nc6 3. Bc4 Nf6 4. d3 d5 5. exd5 Nxd5 6. 0-0 Be7 7. Nbd2 Bg4 8. Re1 f6 9. c3 Qd7 10. h3 Be6 11. d4 exd4 12. Nb3 Bf7 13. Nc5 Qc8 14. Nxd4 Ne5 15. Nce6 Bxe6 16. Nxe6 Qxe6 17. Bxd5 Qa6 18. f4 Ng6 19. Qg4 Rd8 20. Bb3 Kf8 21. Be3 c5 22. Rad1 Rxd1 23. Rxd1 b5 24. Qd7 c4 25. Bc2 Kf7 26. Qd5+ Ke8 27. Bxg6+ 1-0

[Event "Villa Constitucion op 6th"]
[Site "Villa Constitucion"]
[Date "2024.08.16"]
[Round "4"]
[White "Paveto, Kevin"]
[Black "Arias Gaviria, Mario Alexis"]
[Result "1-0"]
[WhiteElo "2407"]
[BlackElo "2259"]
[PlyCount "161"]
[EventDate "2024.08.14"]
[EventType "swiss"]
[EventRounds "9"]
[EventCountry "ARG"]
[SourceTitle "CBM 221 Extra"]
[Source "ChessBase"]
[SourceDate "2024.09.30"]
[SourceVersion "1"]
[SourceVersionDate "2024.09.30"]
[SourceQuality "1"]

1. e4 e5 2. Bc4 Nf6 3. d3 Nc6 4. Nf3 Bc5 5. 0-0 d6 6. c3 a6 7. Bb3 h6 8. Nbd2 Ba7 9. Re1 g5 10. Nf1 Nh5 11. g3 Nf4 12. Be3 Nh3+ 13. Kg2 Qf6 14. Bxa7 Rxa7 15. Qe2 Ne7 16. Ng1 Nxg1 17. Kxg1 Be6 18. Ne3 Bxb3 19. axb3 Qe6 20. d4 Kf8 21. dxe5 dxe5 22. Red1 Kg7 23. Qc4 Qxc4 24. bxc4 Kf6 25. Rd7 Ke6 26. Rad1 b5 27. c5 f5 28. exf5+ Nxf5 29. Nxf5 Kxf5 30. Rf7+ Ke6 31. Rdd7 a5 32. Rfe7+ Kf5 33. c6 a4 34. Rd5 Kf6 35. Rdxe5 g4 36. R5e6+ Kf5 37. Re4 Kf6 38. R7e6+ Kf7 39. R6e5 a3 40. Rf4+ Kg6 41. Re6+ Kg7 42. bxa3 h5 43. Re5 Kg6 44. Re6+ Kg7 45. c4 bxc4 46. Rxc4 Rxa3 47. Re7+ Kg6 48. Rxc7 Rb8 49. Rc1 Ra2 50. Rd7 Rc8 51. c7 Ra7 52. Rc6+ Kf5 53. Rh7 Ke4 54. Kg2 Ra2 55. Rxh5 Rf8 56. Rc4+ Kd3 57. Rf4 Rxf4 58. gxf4 Rc2 59. Rh7 Ke4 60. Rf7 Rc3 61. f5 Ke5 62. Kf1 Rc2 63. Ke1 Ke4 64. Kd1 Rc5 65. Kd2 Rc6 66. f6 Kf5 67. Rh7 Kg5 68. f7 Rxc7 69. f8Q Rxh7 70. Qg8+ Kh6 71. Qxg4 Rf7 72. f4 Rg7 73. Qh4+ Kg6 74. Ke3 Ra7 75. Qg5+ Kh7 76. Qc5 Rg7 77. Qh5+ Kg8 78. f5 Rg1 79. f6 Kf8 80. Qh7 Rg6 81. Qe7+ 1-0

[Event "Villa Constitucion op 6th"]
[Site "Villa Constitucion"]
[Date "2024.08.14"]
[Round "1"]
[White "Medero Mino, Leon"]
[Black "Paveto, Kevin"]
[Result "0-1"]
[WhiteElo "1832"]
[BlackElo "2407"]
[PlyCount "70"]
[EventDate "2024.08.14"]
[EventType "swiss"]
[EventRounds "9"]
[EventCountry "ARG"]
[SourceTitle "CBM 221 Extra"]
[Source "ChessBase"]
[SourceDate "2024.09.30"]
[SourceVersion "1"]
[SourceVersionDate "2024.09.30"]
[SourceQuality "1"]

1. e4 e5 2. Nf3 Nc6 3. Bb5 a6 4. Bxc6 dxc6 5. Nc3 Qf6 6. d4 exd4 7. Bg5 Qd6 8. Qxd4 f6 9. Qxd6 Bxd6 10. Be3 Ne7 11. 0-0-0 Bg4 12. h3 Bxf3 13. gxf3 0-0-0 14. Na4 Ng6 15. Rhg1 Rhe8 16. Rg4 Re5 17. Nc3 Rh5 18. f4 Rd7 19. Rdg1 Rxh3 20. f5 Ne5 21. Rxg7 Rxg7 22. Rxg7 Nc4 23. Nd1 Rh1 24. c3 Nxe3 25. fxe3 h5 26. Kd2 h4 27. Ke2 Bg3 28. e5 fxe5 29. f6 Re1+ 30. Kd2 Rf1 31. f7 Kd8 32. e4 Ke7 33. Ne3 Rf2+ 34. Kd1 Kf8 35. Nf5 Rxf5 0-1

[Event "Titled Tuesday intern op 16th Jul Late"]
[Site "Chess.com INT"]
[Date "2024.07.16"]
[Round "5"]
[White "Paveto, Kevin"]
[Black "Sitbon, Itay"]
[Result "1/2-1/2"]
[WhiteElo "2407"]
[BlackElo "2213"]
[PlyCount "137"]
[EventDate "2024.07.16"]
[EventType "swiss (blitz)"]
[EventRounds "11"]
[EventCountry "USA"]
[SourceTitle "EXT 2025"]
[Source "ChessBase"]
[SourceDate "2024.10.14"]
[SourceVersion "1"]
[SourceVersionDate "2024.10.14"]
[SourceQuality "1"]

1. e4 e5 2. Nf3 d5 3. d4 dxe4 4. Nxe5 Nd7 5. Nxd7 Bxd7 6. Bc4 Nf6 7. 0-0 Bd6 8. Nc3 0-0 9. Bg5 Re8 10. Re1 h6 11. Bxf6 Qxf6 12. Nxe4 Bxh2+ 13. Kxh2 Qh4+ 14. Kg1 Rxe4 15. Rxe4 Qxe4 16. Qh5 Be6 17. Bxe6 Qxe6 18. Qb5 Qb6 19. Qxb6 axb6 20. a3 Kf8 21. f3 Rd8 22. c3 Re8 23. Kf2 Ke7 24. Re1+ Kd7 25. Rh1 Kd6 26. Rh5 c6 27. Rf5 f6 28. Rf4 b5 29. Rg4 Re7 30. Re4 f5 31. Rf4 Ke6 32. g4 fxg4 33. Rxg4 Kf5 34. d5 g5 35. dxc6 bxc6 36. a4 Rb7 37. axb5 Rxb5 38. b4 c5 39. Rc4 cxb4 40. cxb4 h5 41. Kg3 Re5 42. Rc8 Rb5 43. Rc4 Re5 44. Kh3 g4+ 45. fxg4+ hxg4+ 46. Kh4 Rb5 47. Kg3 Ke5 48. Rxg4 Kd5 49. Kf3 Kc6 50. Ke3 Rh5 51. Rg8 Kb5 52. Rb8+ Kc4 53. Ke4 Rb5 54. Rc8+ Kxb4 55. Kd4 Rb6 56. Rc1 Kb5 57. Kd5 Ka6 58. Kc5 Rb5+ 59. Kc6 Ra5 60. Rb1 Ka7 61. Rb7+ Ka8 62. Rh7 Ra6+ 63. Kb5 Rg6 64. Rf7 Kb8 65. Rh7 Kc8 66. Rh5 Kd8 67. Rc5 Ke8 68. Rc6 Rxc6 69. Kxc6 1/2-1/2

[Event "Titled Tuesday intern op 16th Jul Late"]
[Site "Chess.com INT"]
[Date "2024.07.16"]
[Round "4"]
[White "Saya, Ethan"]
[Black "Paveto, Kevin"]
[Result "0-1"]
[WhiteElo "2199"]
[BlackElo "2407"]
[PlyCount "102"]
[EventDate "2024.07.16"]
[EventType "swiss (blitz)"]
[EventRounds "11"]
[EventCountry "USA"]
[SourceTitle "EXT 2025"]
[Source "ChessBase"]
[SourceDate "2024.10.14"]
[SourceVersion "1"]
[SourceVersionDate "2024.10.14"]
[SourceQuality "1"]

1. d4 d6 2. e4 e5 3. dxe5 dxe5 4. Qxd8+ Kxd8 5. Bc4 Be6 6. Bxe6 fxe6 7. Nf3 Bd6 8. Nc3 Nf6 9. Be3 Ke7 10. 0-0-0 Nbd7 11. Nb5 Nxe4 12. Rhe1 Nef6 13. Bg5 a6 14. Nc3 h6 15. Bh4 Rhf8 16. Ne4 g5 17. Bg3 Nxe4 18. Rxe4 Rf5 19. Rde1 Raf8 20. h3 Nc5 21. Rxe5 Bxe5 22. Nxe5 Rxf2 23. Ng6+ Kd7 24. Nxf8+ Rxf8 25. Rd1+ Kc6 26. Re1 Rf6 27. Be5 Rg6 28. Bd4 Nd7 29. c4 g4 30. h4 h5 31. g3 Kd6 32. Rf1 e5 33. Be3 Rf6 34. Rd1+ Ke6 35. c5 Rf3 36. c6 bxc6 37. Bg5 Nb6 38. Rd8 Rxg3 39. Rh8 Rg2 40. Rxh5 Nc4 41. Rh8 Nd6 42. h5 Rh2 43. h6 g3 44. Be3 Nf5 45. h7 Nxe3 46. Re8+ Kf5 47. h8Q Rxh8 48. Rxh8 g2 49. Rg8 Ng4 50. Rf8+ Ke4 51. Rf1 gxf1Q+ 0-1

[Event "Titled Tuesday intern op 20th Feb Late"]
[Site "Chess.com INT"]
[Date "2024.02.20"]
[Round "5"]
[White "Kashefi, Amir Hossein"]
[Black "Paveto, Kevin"]
[Result "0-1"]
[WhiteElo "2193"]
[BlackElo "2407"]
[PlyCount "124"]
[EventDate "2024.02.20"]
[EventType "swiss (blitz)"]
[EventRounds "11"]
[EventCountry "USA"]
[SourceTitle "EXT 2025"]
[Source "ChessBase"]
[SourceDate "2024.10.14"]
[SourceVersion "1"]
[SourceVersionDate "2024.10.14"]
[SourceQuality "1"]

1. Nf3 Nf6 2. g3 g6 3. Bg2 Bg7 4. 0-0 0-0 5. c4 d5 6. d3 c6 7. Nc3 dxc4 8. dxc4 Qa5 9. Qc2 Na6 10. a3 Qh5 11. b4 Bh3 12. Bb2 Nc7 13. Rad1 Ne6 14. Nb1 Ng4 15. Bxg7 Kxg7 16. Nbd2 a5 17. Rfe1 axb4 18. axb4 Rfd8 19. Nf1 Bxg2 20. Kxg2 Nf6 21. Qc3 Qf5 22. Ne3 Qe4 23. Kg1 h5 24. h4 Rxd1 25. Rxd1 Ra2 26. Rd2 Qb1+ 27. Rd1 Qb2 28. Qxb2 Rxb2 29. b5 cxb5 30. cxb5 Rxe2 31. Nd4 Nxd4 32. Rxd4 Rb2 33. Rc4 Rxb5 34. Rc7 e6 35. Nc4 Rb1+ 36. Kg2 Rc1 37. Rc8 b5 38. Nd6 Rxc8 39. Nxc8 b4 40. Nb6 Nd5 41. Nc4 Kf6 42. Kf3 Kf5 43. Ke2 e5 44. Kd3 f6 45. f3 g5 46. hxg5 fxg5 47. Nd6+ Ke6 48. Ne4 Kf5 49. Nd6+ Kg6 50. Ne4 h4 51. gxh4 gxh4 52. Nf2 b3 53. Ne4 Kf5 54. Nf2 Kf4 55. Ke2 Nc3+ 56. Kd3 Kxf3 57. Nh3 Nd5 58. Ng5+ Kg2 59. Ke2 b2 60. Ne4 b1Q 61. Nd2 Nf4+ 62. Ke3 Qd3# 0-1

[Event "Titled Tuesday intern op 20th Feb Late"]
[Site "Chess.com INT"]
[Date "2024.02.20"]
[Round "6"]
[White "Paveto, Kevin"]
[Black "Hakobyan, Aram"]
[Result "0-1"]
[WhiteElo "2407"]
[BlackElo "2619"]
[PlyCount "144"]
[EventDate "2024.02.20"]
[EventType "swiss (blitz)"]
[EventRounds "11"]
[EventCountry "USA"]
[SourceTitle "EXT 2025"]
[Source "ChessBase"]
[SourceDate "2024.10.14"]
[SourceVersion "1"]
[SourceVersionDate "2024.10.14"]
[SourceQuality "1"]

1. e4 c5 2. Nf3 d6 3. d4 cxd4 4. Nxd4 Nf6 5. Nc3 a6 6. Bg5 e6 7. Qe2 Be7 8. 0-0-0 Nxe4 9. Bxe7 Nxc3 10. Bxd8 Nxe2+ 11. Nxe2 Kxd8 12. Rxd6+ Ke7 13. Rd2 Bd7 14. Nd4 Nc6 15. Nxc6+ Bxc6 16. f3 h5 17. Bd3 h4 18. h3 Rad8 19. Re1 Kf6 20. Be4 Bxe4 21. Rxe4 g5 22. Rxd8 Rxd8 23. c4 e5 24. Kc2 Ke6 25. Re1 Rd4 26. Kc3 Kf5 27. b4 Kf4 28. c5 f5 29. a4 Rd5 30. Kc4 Rd2 31. b5 axb5+ 32. axb5 Rxg2 33. Rc1 Ra2 34. c6 bxc6 35. bxc6 Kxf3 36. c7 Ra8 37. Kd5 Rc8 38. Kxe5 f4 39. Kf5 Kg3 40. Kxg5 f3 41. Rg1+ Kh2 42. Rc1 f2 43. Kxh4 Rxc7 44. Rxc7 f1Q 45. Rg7 Qf6+ 46. Rg5 Qh6+ 47. Kg4 Qxh3+ 48. Kf4 Qh6 49. Kf5 Kh3 50. Rg6 Qh5+ 51. Kf6 Kh4 52. Kg7 Qe5+ 53. Kf7 Kh5 54. Re6 Qd5 55. Kf6 Qg5+ 56. Kf7 Qf5+ 57. Ke7 Kg5 58. Kd6 Qd3+ 59. Ke7 Qd4 60. Kf7 Kf5 61. Rh6 Qd7+ 62. Kg8 Kg5 63. Rh7 Qe8+ 64. Kg7 Qe5+ 65. Kf7 Qf5+ 66. Kg7 Qd7+ 67. Kg8 Qe8+ 68. Kg7 Qc8 69. Kf7 Qf5+ 70. Kg7 Qe4 71. Kg8 Qe6+ 72. Kg7 Qe8 0-1

[Event "Titled Tuesday intern op 20th Feb Late"]
[Site "Chess.com INT"]
[Date "2024.02.20"]
[Round "4"]
[White "Theodorou, Nikolas"]
[Black "Paveto, Kevin"]
[Result "1-0"]
[WhiteElo "2622"]
[BlackElo "2407"]
[PlyCount "123"]
[EventDate "2024.02.20"]
[EventType "swiss (blitz)"]
[EventRounds "11"]
[EventCountry "USA"]
[SourceTitle "EXT 2025"]
[Source "ChessBase"]
[SourceDate "2024.10.14"]
[SourceVersion "1"]
[SourceVersionDate "2024.10.14"]
[SourceQuality "1"]

1. e4 e5 2. d4 exd4 3. c3 d5 4. exd5 Qxd5 5. cxd4 Nf6 6. Nf3 Bb4+ 7. Nc3 0-0 8. Be2 c5 9. 0-0 Bxc3 10. bxc3 cxd4 11. Nxd4 Nc6 12. Bf3 Qc5 13. Be3 Nd5 14. Nb3 Nxe3 15. Nxc5 Nxd1 16. Rfxd1 Ne5 17. Bd5 Rb8 18. Rab1 b6 19. Re1 Bf5 20. Rbd1 Ng6 21. Nb3 Nf4 22. c4 Bc2 23. Rd4 Rfe8 24. Bxf7+ Kxf7 25. Rxf4+ Kg8 26. Re3 Rbd8 27. Rd4 Bxb3 28. axb3 Rxd4 29. Rxe8+ Kf7 30. Re1 Rd2 31. g3 Rb2 32. Re3 a5 33. Kg2 g6 34. g4 Rc2 35. Kg3 a4 36. bxa4 Rxc4 37. Rb3 Rxa4 38. Rxb6 g5 39. f3 Kg7 40. Rb5 h6 41. h4 Kg6 42. Rb6+ Kg7 43. Rc6 Rb4 44. Ra6 Rc4 45. Ra5 Kg6 46. Rf5 Rc6 47. Rd5 Rc4 48. Rd8 Ra4 49. Rg8+ Kh7 50. Rd8 Kg6 51. Rb8 Rc4 52. Rb7 Rc6 53. h5+ Kf6 54. Rh7 Ke5 55. Rg7 Rc1 56. Rg6 Rg1+ 57. Kf2 Ra1 58. Rxh6 Ra2+ 59. Kg3 Ra1 60. Rg6 Rg1+ 61. Kf2 Ra1 62. Rxg5+ 1-0

[Event "Titled Tuesday intern op 20th Feb Late"]
[Site "Chess.com INT"]
[Date "2024.02.20"]
[Round "9"]
[White "Tokman, Ariel"]
[Black "Paveto, Kevin"]
[Result "0-1"]
[WhiteElo "2399"]
[BlackElo "2407"]
[PlyCount "62"]
[EventDate "2024.02.20"]
[EventType "swiss (blitz)"]
[EventRounds "11"]
[EventCountry "USA"]
[SourceTitle "EXT 2025"]
[Source "ChessBase"]
[SourceDate "2024.10.14"]
[SourceVersion "1"]
[SourceVersionDate "2024.10.14"]
[SourceQuality "1"]

1. d4 Nf6 2. Nf3 g6 3. c3 Bg7 4. Bg5 0-0 5. e3 d6 6. Be2 b6 7. a4 a6 8. 0-0 Bb7 9. Nbd2 Nbd7 10. h3 c5 11. Bh4 Rc8 12. Bd3 Qc7 13. Qe2 a5 14. Rfd1 Rfe8 15. Nc4 Ne4 16. Nfd2 d5 17. Na3 Nxd2 18. Qxd2 e5 19. Bg3 Qc6 20. Nb5 Qe6 21. Be2 Nf6 22. Bxe5 Ne4 23. Qe1 Bxe5 24. dxe5 Qxe5 25. Bf3 Rcd8 26. Rd3 Ng5 27. Qd1 Qf5 28. Bg4 Qe4 29. h4 h5 30. hxg5 hxg4 31. Rd2 d4 0-1

[Event "Titled Tuesday intern op 30th Jan Late"]
[Site "Chess.com INT"]
[Date "2024.01.30"]
[Round "3"]
[White "Paveto, Kevin"]
[Black "Kochiev, Ivan"]
[Result "1-0"]
[WhiteElo "2407"]
[BlackElo "2051"]
[PlyCount "108"]
[EventDate "2024.01.30"]
[EventType "swiss (blitz)"]
[EventRounds "11"]
[EventCountry "USA"]
[SourceTitle "EXT 2025"]
[Source "ChessBase"]
[SourceDate "2024.10.14"]
[SourceVersion "1"]
[SourceVersionDate "2024.10.14"]
[SourceQuality "1"]

1. e4 c5 2. Nf3 d6 3. d4 cxd4 4. Nxd4 Nf6 5. Nc3 Nc6 6. Bg5 e6 7. Qd2 a6 8. 0-0-0 Bd7 9. f4 b5 10. Nxc6 Bxc6 11. Bd3 Be7 12. Rhe1 Qb6 13. e5 Nd5 14. Bxe7 Kxe7 15. exd6+ Kxd6 16. Nxd5 Bxd5 17. f5 Rad8 18. Qf4+ Ke7 19. Qg5+ Kf8 20. fxe6 Bxe6 21. Bf5 Rxd1+ 22. Rxd1 f6 23. Qg4 Qe3+ 24. Kb1 h5 25. Qb4+ Kf7 26. Re1 Rd8 27. Bxe6+ Qxe6 28. a4 Rd4 29. Qc3 Qd7 30. Qf3 h4 31. Qh5+ Kf8 32. axb5 axb5 33. b3 Rd5 34. Qh8+ Kf7 35. Qxh4 Rd1+ 36. Rxd1 Qxd1+ 37. Kb2 Qe2 38. g3 g5 39. Qh7+ Ke6 40. Qg8+ Kf5 41. Qc8+ Kg6 42. Qg8+ Kf5 43. Qd5+ Kg6 44. h4 b4 45. hxg5 fxg5 46. Qd6+ Kh5 47. Qxb4 Qe5+ 48. Qc3 Qxc3+ 49. Kxc3 Kg4 50. b4 Kxg3 51. b5 Kh3 52. b6 g4 53. b7 g3 54. b8Q g2 1-0